👨‍🎓J'aurais dû apprendre ça à l'école - Statistiques

Statistiques générales
  • Ce quiz a Ă©tĂ© pris 123 fois
  • Le rĂ©sultat moyen est 8 sur 16
Statistiques - réponses
Question Réponse % Correct
Quel est le seul aliment qui ne se gâte jamais ? Le miel
88%
Pourquoi les flamants roses sont-ils roses ? À cause des algues et crustacés qu'ils mangent
87%
Quel est l'oiseau qui peut voler Ă  reculons ? Le colibri
76%
Quelle est la couleur du sang d'un homard quand il est dans son corps ? Bleu
69%
De quelle couleur est la boîte noire d'un avion ? Orange vif
56%
Combien de temps faut-il à la lumière du soleil pour atteindre la Terre ? Environ 8 minutes
48%
Combien de cœurs possède une pieuvre ? 3
46%
Quel était le surnom de Napoléon Bonaparte ? Le Petit Caporal
46%
De quelle couleur est le ciel sur Mars au lever et au coucher du soleil ? Rouge
46%
Quel animal produit le lait le plus gras du monde ? La baleine
45%
Quelle lettre de l'alphabet n'apparaît dans aucun nom d'État des États-Unis (en anglais) ? Q
39%
Dans quelle ville le plus grand nombre de langues différentes sont-elles parlées ? New York
37%
Quel est le sens de rotation de l'eau qui s'écoule dans une baignoire (ou des toilettes) dans l'hémisphère sud ? C'est un mythe urbain, la direction est aléatoire et dépend de facteurs locaux
35%
Combien de temps faut-il à la lumière d'Alpha Centauri (l'étoile la plus proche du soleil) pour atteindre la Terre ? Environ 4,3 ans
35%
Combien de temps un escargot peut-il dormir en continu ? Trois ans
27%
Quel était le premier animal domestiqué par l'homme ? Le chien
21%
Aucun quiz correspondant
Distribution des résultats
% des personnes avec chaque résultat
Percentile par nombre de réponses
Votre historique - résultats
Vous n’avez pas pris ce quiz